| 000 | 00910nam a2200277Ia 4500 | ||
|---|---|---|---|
| 001 | 21866 | ||
| 005 | 20260320113320.0 | ||
| 008 | 260320s9999||||xx |||||||||||||| ||und|| | ||
| 020 | _a9786074812336 | ||
| 041 | _aESP | ||
| 082 |
_a658.8342 _bH81 |
||
| 100 |
_aHoyer, Wayne D., _eAUT |
||
| 245 | 0 |
_aComportamiento del consumidor _b |
|
| 246 |
_a _5 _b |
||
| 250 | _aQuinta edición | ||
| 260 |
_aMéxico D. F. : _bCengage Learning, _c2010 |
||
| 300 |
_axxiv, 493 páginas : _bfiguras ; _c27 cm. _e |
||
| 440 |
_a _n _v |
||
| 500 | _aNo tiene portada / Datos extraídos de Worldcat | ||
| 650 | _aTCA | ||
| 653 | _aAdministración; Gerencia de mercadeo; Comportamiento del consumidor | ||
| 654 | _aCAN | ||
| 700 |
_aMacInnis, Deborah J., _cAUT |
||
| 856 |
_uhttps://login.ucsp.lookproxy.com/login?url=https://ebooks7-24.com/?aeds=1 _zVéase además: Base de datos Ebook7-24 |
||
| 942 |
_cLIB _dJUS _fTRC _2ddc _n |
||
| 999 |
_c21866 _d21866 |
||